| 000 | 00671nam a2200229 a 4500 | ||
|---|---|---|---|
| 999 |
_c10086 _d10086 |
||
| 001 | 10086 | ||
| 003 | BD-JhCC | ||
| 005 | 20180417104745.0 | ||
| 008 | 171205s1995 ii a|||| ||a| 000 0 ben d | ||
| 020 | _a9845550118 | ||
| 035 | _a(BD-JhCC)10086 | ||
| 040 |
_aBD-JhCC _dBD-JhCC |
||
| 041 | _aben | ||
| 082 |
_a750.45492 _bKHA 1995 |
||
| 100 | _aখান, হাশেম | ||
| 245 |
_aচারুকলা পাঠ / _cহাশেম খান |
||
| 260 |
_aঢাকা : _bবাংলাদেশ শিল্পকলা একাডেমী, _c1995. |
||
| 300 |
_a108 p. : _c19cm. |
||
| 650 | _aPainting | ||
| 942 |
_2ddc _cBK |
||